[Event "Online Olym Div4 B 2020"]
[Site "chess.com INT"]
[Date "2020.08.01"]
[Round "4.5"]
[Board "3"]
[White "Uwase, Joselyne"]
[Black "Al-Khelaifi, Kholoud"]
[Result "0-1"]
[WhiteTitle "WFM"]
[BlackTitle "WCM"]
[WhiteElo "1553"]
[BlackElo "1507"]
[WhiteTeam "Rwanda"]
[BlackTeam "Qatar"]
[WhiteFideId "16000676"]
[BlackFideId "12100145"]
[EventDate "2020.07.31"]
[EventType "team"]

1. e4 e5 2. Nf3 Nc6 3. Bb5 a6 4. Bxc6 dxc6 5. d3 Bg4 6. h3 Bxf3 7. Qxf3 Nf6 8.
Bg5 Be7 9. Qg3 h6 10. Bxf6 Bxf6 11. O-O Qe7 12. Nd2 O-O-O 13. Qg4+ Kb8 14. a4 h5
15. Qf3 g5 16. g3 Rdg8 17. Kg2 g4 18. hxg4 hxg4 19. Qe2 Qe6 20. Rh1 Be7 21. Rh2
Rxh2+ 22. Kxh2 Qh6+ 23. Kg2 Qh3+ 24. Kg1 Rh8 25. f3 Qh1+ 26. Kf2 Rh2+ 27. Ke3
Rxe2+ 28. Kxe2 Qxa1 29. fxg4 Qg1 30. Kf3 Bg5 31. Ke2 Qg2+ 32. Ke1 Qxd2+ 33. Kf1
Qxc2 34. b4 Be3 35. b5 Qf2# 0-1

[Event "Online Olym Div4 B 2020"]
[Site "chess.com INT"]
[Date "2020.08.01"]
[Round "4.5"]
[Board "4"]
[White "Sara Hassan AlMohannadi"]
[Black "Shimwa, Marie Faustine"]
[Result "0-1"]
[WhiteElo "1072"]
[BlackElo "1397"]
[WhiteTeam "Qatar"]
[BlackTeam "Rwanda"]
[WhiteFideId "12102199"]
[BlackFideId "16000188"]
[EventDate "2020.07.31"]
[EventType "team"]

1. d4 d5 2. Nf3 e6 3. c3 Nf6 4. Bf4 Nbd7 5. e3 c6 6. Be2 Be7 7. Qc2 O-O 8. Nbd2
b5 9. O-O Bb7 10. Bd3 a6 11. Ne5 Nxe5 12. Bxe5 Ne4 13. Nxe4 dxe4 14. Bxe4 f5 15.
Bf3 Qd7 16. Rad1 Rac8 17. e4 Bd6 18. Bxd6 Qxd6 19. e5 Qe7 20. Qd2 Rfd8 21. h3 c5
22. Bxb7 Qxb7 23. Qe3 Rd5 24. dxc5 Rdxc5 25. Rd8+ Rxd8 26. Qxc5 Rd2 27. Qb4 h6
28. Qb3 Kf7 29. Rc1 Qc7 30. Re1 Qb6 31. Rc1 Qxf2+ 32. Kh1 Qxg2# 0-1

[Event "Online Olym Div4 B 2020"]
[Site "chess.com INT"]
[Date "2020.08.01"]
[Round "4.5"]
[Board "5"]
[White "Murara Urwintwari, Ian"]
[Black "Abdulla Mohammed Al-Homaid"]
[Result "1/2-1/2"]
[WhiteElo "1680"]
[BlackElo "1301"]
[WhiteTeam "Rwanda"]
[BlackTeam "Qatar"]
[WhiteFideId "16000145"]
[BlackFideId "12102016"]
[EventDate "2020.07.31"]
[EventType "team"]

1. c4 e6 2. Nc3 d5 3. d4 Nf6 4. Nf3 Be7 5. Bf4 O-O 6. e3 Nbd7 7. cxd5 exd5 8.
Bd3 Re8 9. O-O c6 10. Qc2 Nf8 11. h3 Ng6 12. Bh2 Bd6 13. Ne5 Nxe5 14. dxe5 Bxe5
15. f4 Bc7 16. Rae1 Bb6 17. Rf3 d4 18. Ne4 Nd5 19. Ng5 h6 20. Bh7+ Kf8 21. Ne4
Nxe3 22. Qb1 g6 23. Ng5 hxg5 24. Bxg6 d3 25. fxg5 Nc2+ 26. Kh1 Rxe1+ 27. Qxe1
Nxe1 28. Rxf7+ Kg8 29. Be5 Be6 30. Rh7 Kf8 31. Bg7+ Kg8 32. Be5 Kf8 33. Bg7+ Ke7
34. Be5+ Kf8 1/2-1/2

[Event "Online Olym Div4 B 2020"]
[Site "chess.com INT"]
[Date "2020.08.01"]
[Round "5.1"]
[Board "1"]
[White "Nezad, Husein Aziz"]
[Black "Beukes, Dante M"]
[Result "1-0"]
[WhiteTitle "IM"]
[BlackTitle "IM"]
[WhiteElo "2386"]
[BlackElo "2206"]
[WhiteTeam "Qatar"]
[BlackTeam "Namibia"]
[WhiteFideId "12100293"]
[BlackFideId "15200540"]
[EventDate "2020.07.31"]
[EventType "team"]

1. Nf3 Nf6 2. e3 g6 3. b4 Bg7 4. Bb2 O-O 5. c4 d6 6. d4 e5 7. dxe5 Ng4 8. Be2
Nxe5 9. Nxe5 dxe5 10. Nc3 Qxd1+ 11. Rxd1 Be6 12. Nd5 Na6 13. b5 Bxd5 14. cxd5
Nb8 15. Rc1 Rc8 16. O-O Nd7 17. e4 f5 18. Rc2 Bh6 19. g3 Bf8 20. a4 Bd6 21. a5
Nc5 22. exf5 gxf5 23. Bxe5 Bxe5 24. Rxc5 f4 25. Rfc1 Rf8 26. Bg4 fxg3 27. hxg3
Rad8 28. Be6+ Kg7 29. Rxc7+ Bxc7 30. Rxc7+ Kg6 31. Rxb7 Rb8 32. a6 Kf6 33. f4
Rxb7 34. axb7 Rb8 35. Bc8 Ke7 36. f5 Kd6 37. f6 1-0

[Event "Online Olym Div4 B 2020"]
[Site "chess.com INT"]
[Date "2020.08.01"]
[Round "5.1"]
[Board "3"]
[White "Al-Khelaifi, Kholoud"]
[Black "Mentile, Lishen"]
[Result "0-1"]
[WhiteTitle "WCM"]
[BlackTitle "WCM"]
[WhiteElo "1507"]
[BlackElo "1513"]
[WhiteTeam "Qatar"]
[BlackTeam "Namibia"]
[WhiteFideId "12100145"]
[BlackFideId "15200477"]
[EventDate "2020.07.31"]
[EventType "team"]

1. d4 d5 2. e3 Nf6 3. f4 Bf5 4. Nf3 e6 5. Be2 Nbd7 6. O-O a6 7. Nbd2 Bd6 8. Ne5
O-O 9. c4 c5 10. b3 cxd4 11. exd4 Ne4 12. Bb2 Ndf6 13. c5 Be7 14. Nxe4 Nxe4 15.
Rc1 Rc8 16. b4 f6 17. Nf3 Qc7 18. Nd2 Rcd8 19. Bd3 Nf2 20. Rxf2 Bxd3 21. Qf3 Bg6
22. Re1 Qd7 23. Qe3 Bf7 24. Nf3 Rde8 25. a3 f5 26. Ne5 Qc8 27. Nxf7 Kxf7 28.
Rfe2 Bf6 29. Qf3 g6 30. Qh3 Kg8 31. Qb3 Re7 32. a4 Rfe8 33. b5 Qc7 34. Qb4 Qxf4
35. b6 e5 36. dxe5 Qxb4 37. Kf1 Qxc5 38. exf6 Rxe2 39. Rxe2 Rxe2 40. Kxe2 Qc2+
41. Kf3 Qxb2 42. Kg3 Qxf6 43. Kh3 d4 44. g3 d3 45. a5 d2 46. g4 fxg4+ 47. Kxg4
d1=Q+ 48. Kg3 Qdf3# 0-1

[Event "Online Olym Div4 B 2020"]
[Site "chess.com INT"]
[Date "2020.08.01"]
[Round "5.1"]
[Board "4"]
[White "Tsuses, Patience"]
[Black "Al-Khelaifi, Aisha"]
[Result "1/2-1/2"]
[BlackTitle "WCM"]
[WhiteElo "1031"]
[BlackElo "1678"]
[WhiteTeam "Namibia"]
[BlackTeam "Qatar"]
[WhiteFideId "15200876"]
[BlackFideId "12100625"]
[EventDate "2020.07.31"]
[EventType "team"]

1. e4 e5 2. Nf3 Nf6 3. Nc3 Bb4 4. d3 O-O 5. Nxe5 d5 6. Bg5 dxe4 7. dxe4 Qxd1+ 8.
Rxd1 Nxe4 9. Bd2 Nxd2 10. Rxd2 Bxc3 11. bxc3 Re8 12. Re2 Nd7 13. Nxd7 Bxd7 14.
Rxe8+ Rxe8+ 15. Kd2 Be6 16. c4 g6 17. Bd3 Bd7 18. Rb1 Bc6 19. g3 Kg7 20. a4 Kf6
21. c5 Re5 22. Bb5 Bf3 23. Rb4 Rxc5 24. Bd3 Bc6 25. Rf4+ Kg7 26. Bc4 f5 27. Bb3
Kf6 28. Rd4 Re5 29. f4 Re4 30. Rxe4 fxe4 31. Ke3 Kf5 32. a5 g5 33. Bg8 h5 34.
Bh7+ Kg4 35. f5 Kh3 36. f6 Bd5 37. Bxe4 Bf7 38. Bxb7 Kxh2 39. Kf2 h4 40. gxh4
gxh4 41. Bc6 Kh3 42. Bd7+ Kh2 43. Ba4 c5 44. Bb5 c4 45. c3 Kh3 46. Bd7+ Kh2 47.
Bc6 Kh3 48. Bd7+ Kh2 49. Bf5 Kh1 50. Be4+ Kh2 51. Bf5 Kh1 52. Be4+ Kh2 53. Bf5 1/2-1/2

[Event "Online Olym Div4 B 2020"]
[Site "chess.com INT"]
[Date "2020.08.01"]
[Round "5.1"]
[Board "5"]
[White "Abdulla Mohammed Al-Homaid"]
[Black "Ndahangwapo, Heskiel"]
[Result "0-1"]
[WhiteElo "1301"]
[BlackElo "1883"]
[WhiteTeam "Qatar"]
[BlackTeam "Namibia"]
[WhiteFideId "12102016"]
[BlackFideId "15202020"]
[EventDate "2020.07.31"]
[EventType "team"]

1. e4 c5 2. Nf3 d6 3. Bb5+ Nc6 4. c3 Nf6 5. Qe2 Bg4 6. O-O Bxf3 7. Qxf3 a6 8.
Ba4 Qc7 9. Rd1 e5 10. Qe3 b5 11. Bc2 c4 12. d4 cxd3 13. Qxd3 Be7 14. Bg5 Rd8 15.
Nd2 O-O 16. Nf1 Qb6 17. Ng3 Ng4 18. Qf3 Bxg5 19. Qxg4 Bf6 20. Nf5 Ne7 21. Nxd6
Rxd6 22. Qh3 Rfd8 23. Rd5 Nxd5 24. exd5 g6 0-1

[Event "Online Olym Div4 B 2020"]
[Site "chess.com INT"]
[Date "2020.08.01"]
[Round "5.1"]
[Board "6"]
[White "Horn, Lure"]
[Black "Layan Mansour AlQassabi"]
[Result "1-0"]
[WhiteElo "1116"]
[BlackElo "1167"]
[WhiteTeam "Namibia"]
[BlackTeam "Qatar"]
[WhiteFideId "15200728"]
[BlackFideId "12102059"]
[EventDate "2020.07.31"]
[EventType "team"]

1. e4 e5 2. Nf3 Nc6 3. Bc4 Bc5 4. c3 Nf6 5. d4 exd4 6. cxd4 Bb4+ 7. Bd2 Bxd2+ 8.
Nbxd2 O-O 9. O-O d6 10. e5 dxe5 11. dxe5 Nd5 12. Re1 Bg4 13. Qc2 Bh5 14. Ng5
Qxg5 15. Bxd5 Bg6 16. Qc3 Ne7 17. Bb3 c6 18. e6 Rad8 19. Nf3 Qf4 20. exf7+ Bxf7
21. Rxe7 Rb8 22. Bxf7+ Rxf7 23. Rxf7 Qxf7 24. Ng5 Qe7 25. Qc4+ Kh8 26. Nf7+ Kg8
27. Nh6+ Kf8 28. Qg8# 1-0

[Event "Online Olym Div4 B 2020"]
[Site "chess.com INT"]
[Date "2020.08.01"]
[Round "5.2"]
[Board "1"]
[White "Wanyama, Harold"]
[Black "Nduwayesu, Maranatha"]
[Result "1-0"]
[WhiteTitle "FM"]
[WhiteElo "2312"]
[BlackElo "1829"]
[WhiteTeam "Uganda"]
[BlackTeam "Rwanda"]
[WhiteFideId "10000380"]
[BlackFideId "16001109"]
[EventDate "2020.07.31"]
[EventType "team"]

1. d4 c6 2. c4 d5 3. Nc3 Nf6 4. Nf3 e6 5. e3 Nbd7 6. Qc2 dxc4 7. Bxc4 Bb4 8. a3
Ba5 9. e4 O-O 10. O-O Bc7 11. e5 Nd5 12. Ng5 g6 13. Nce4 c5 14. Bxd5 exd5 15.
Nxc5 Nxc5 16. Qxc5 Bb6 17. Qc3 Bf5 18. Qe3 Re8 19. Nf3 f6 20. Qh6 fxe5 21. dxe5
Be4 22. Bg5 Qd7 23. Bf6 Bd8 24. Ng5 Bf5 25. Rad1 Bxf6 26. exf6 Be6 27. Rfe1 1-0

[Event "Online Olym Div4 B 2020"]
[Site "chess.com INT"]
[Date "2020.08.01"]
[Round "5.2"]
[Board "3"]
[White "Ampaire, Shakira"]
[Black "Uwase, Joselyne"]
[Result "1-0"]
[WhiteTitle "WCM"]
[BlackTitle "WFM"]
[WhiteElo "1673"]
[BlackElo "1553"]
[WhiteTeam "Uganda"]
[BlackTeam "Rwanda"]
[WhiteFideId "10002782"]
[BlackFideId "16000676"]
[EventDate "2020.07.31"]
[EventType "team"]

1. e4 e5 2. Nf3 Nf6 3. Bc4 Bc5 4. Nxe5 O-O 5. d3 d6 6. Nf3 Bg4 7. O-O Nc6 8. c3
Bb6 9. Bg5 Ne5 10. Nbd2 Nxd3 11. Bxd3 h6 12. Bh4 Re8 13. h3 Bh5 14. Re1 c6 15.
Qb3 d5 16. e5 Bc7 17. exf6 Qd6 18. fxg7 Kxg7 19. Bg3 Qd7 20. Qxb7 Rec8 21. Re3
Rab8 22. Qxa7 Rxb2 23. Rae1 d4 24. cxd4 Qd5 25. Bxc7 Rxa2 26. Qb7 Rca8 27. Bc4
Qf5 28. Be5+ Kg8 29. Bxa2 Rxa2 30. Qb8+ 1-0

[Event "Online Olym Div4 B 2020"]
[Site "chess.com INT"]
[Date "2020.08.01"]
[Round "5.2"]
[Board "4"]
[White "Shimwa, Marie Faustine"]
[Black "Nakabo, Peninah"]
[Result "0-1"]
[WhiteElo "1397"]
[BlackElo "1730"]
[WhiteTeam "Rwanda"]
[BlackTeam "Uganda"]
[WhiteFideId "16000188"]
[BlackFideId "10004556"]
[EventDate "2020.07.31"]
[EventType "team"]

1. d4 Nf6 2. c4 c5 3. d5 b5 4. e3 bxc4 5. Bxc4 d6 6. Nc3 g6 7. Nf3 Bg7 8. O-O
O-O 9. e4 Nbd7 10. b3 Ng4 11. Bb2 Nge5 12. Nxe5 Nxe5 13. Ne2 Nxc4 14. Bxg7 Kxg7
15. bxc4 Ba6 16. Qc2 Qa5 17. a3 f6 18. f4 Rfb8 19. Rf3 Qb6 20. Qa4 Qb2 21. Raf1
Bc8 22. f5 Qxe2 23. fxg6 hxg6 24. Rh3 Rb2 25. Rg3 Qxe4 26. Qe8 Rab8 27. h3 Rb1
28. Rxb1 Rxb1+ 29. Kh2 Bf5 0-1

[Event "Online Olym Div4 B 2020"]
[Site "chess.com INT"]
[Date "2020.08.01"]
[Round "5.2"]
[Board "5"]
[White "Nyola Wasswa Mark"]
[Black "Murara Urwintwari, Ian"]
[Result "0-1"]
[WhiteElo "1680"]
[BlackElo "1680"]
[WhiteTeam "Uganda"]
[BlackTeam "Rwanda"]
[WhiteFideId "10007660"]
[BlackFideId "16000145"]
[EventDate "2020.07.31"]
[EventType "team"]

1. Nf3 e6 2. d4 d5 3. e3 Nf6 4. Bd3 Be7 5. Nbd2 c5 6. b3 Nc6 7. Bb2 b6 8. O-O
O-O 9. a3 Bb7 10. Ne5 cxd4 11. exd4 h6 12. Qe2 Bd6 13. f4 Nd7 14. Rae1 Qc7 15.
Rf3 Ne7 16. g4 Rae8 17. Rh3 Ng6 18. Bxg6 fxg6 19. Nxg6 Rf6 20. f5 Qxc2 21. Bc3
Nf8 22. Ne5 exf5 23. g5 Rg6 24. Rg3 f4 25. Rd3 Rxg5+ 26. Kf1 Bc8 27. Qf2 Bxe5
28. dxe5 Qxd3+ 29. Re2 0-1

[Event "Online Olym Div4 B 2020"]
[Site "chess.com INT"]
[Date "2020.08.01"]
[Round "5.3"]
[Board "1"]
[White "Borg, Geoffrey"]
[Black "Hashem, Khaled"]
[Result "1-0"]
[WhiteTitle "FM"]
[BlackTitle "CM"]
[WhiteElo "2367"]
[BlackElo "1908"]
[WhiteTeam "Malta"]
[BlackTeam "Kuwait"]
[WhiteFideId "5600014"]
[BlackFideId "10300201"]
[EventDate "2020.07.31"]
[EventType "team"]

1. d4 d5 2. c4 c6 3. Nf3 Nf6 4. Qc2 e6 5. g3 Be7 6. Bg2 Nbd7 7. O-O h6 8. b3 O-O
9. Nc3 b6 10. Bb2 Bb7 11. Rad1 Rc8 12. Rfe1 Qc7 13. e4 dxe4 14. Nxe4 Nxe4 15.
Qxe4 Nf6 16. Qc2 Rfd8 17. c5 Nd5 18. a3 a5 19. Ne5 Bf6 20. Nc4 bxc5 21. dxc5
Bxb2 22. Qxb2 Ba6 23. Nd6 Rb8 24. Qc2 Qa7 25. Bh3 Bc8 26. Rd3 Qc7 27. Qd2 Ra8
28. Rf3 Rf8 29. Bf1 Ba6 30. Re4 Bxf1 31. Kxf1 Qa7 32. Qd4 Qa6+ 33. Kg2 Rab8 34.
Rg4 f6 35. Qe4 e5 36. Qg6 Qa7 37. Nf5 1-0

[Event "Online Olym Div4 B 2020"]
[Site "chess.com INT"]
[Date "2020.08.01"]
[Round "5.3"]
[Board "2"]
[White "Hussain, Hashem"]
[Black "Darmanin, Jake"]
[Result "0-1"]
[BlackTitle "CM"]
[WhiteElo "1702"]
[BlackElo "2078"]
[WhiteTeam "Kuwait"]
[BlackTeam "Malta"]
[WhiteFideId "10300716"]
[BlackFideId "5601061"]
[EventDate "2020.07.31"]
[EventType "team"]

1. e4 e5 2. Nf3 Nc6 3. Bb5 a6 4. Ba4 Nf6 5. d3 b5 6. Bb3 Be7 7. c3 d6 8. Nbd2
O-O 9. Nf1 Na5 10. Bc2 c5 11. Ng3 Re8 12. O-O Qc7 13. d4 cxd4 14. cxd4 Nc6 15.
d5 Nb4 16. Bb1 a5 17. a3 Na6 18. h3 a4 19. Be3 Bd7 20. Bd3 Qb7 21. Rc1 g6 22.
Qd2 Rec8 23. Rxc8+ Rxc8 24. Rc1 Rb8 25. Bg5 Nc5 26. Bc2 b4 27. Be3 bxa3 28. bxa3
Nb3 29. Bxb3 axb3 30. Qb2 Ba4 31. Rc4 Qb5 32. Nd2 Qa5 33. Nb1 Be8 34. Bd2 Qa6
35. Rb4 Rxb4 36. Bxb4 Qd3 37. Nd2 Ba4 38. Bc3 Qc2 39. f3 Bd8 40. Ngf1 Bb6+ 41.
Kh2 Nd7 42. Nc4 Bc5 43. Nfd2 Nb6 44. Nxb6 Bxb6 45. Nc4 Bc5 46. Bxe5 dxe5 47.
Qxe5 Qxc4 0-1

[Event "Online Olym Div4 B 2020"]
[Site "chess.com INT"]
[Date "2020.08.01"]
[Round "5.3"]
[Board "3"]
[White "Caruana Pulpan, Oana"]
[Black "Alawadhi, Amenah"]
[Result "1-0"]
[WhiteTitle "WFM"]
[BlackTitle "WCM"]
[WhiteElo "1901"]
[BlackElo "1327"]
[WhiteTeam "Malta"]
[BlackTeam "Kuwait"]
[WhiteFideId "5600502"]
[BlackFideId "10301100"]
[EventDate "2020.07.31"]
[EventType "team"]

1. d4 d5 2. Nf3 e6 3. g3 c5 4. Bg2 cxd4 5. Nxd4 Nf6 6. O-O Be7 7. c4 O-O 8. cxd5
Nxd5 9. e4 Nf6 10. Nc3 Na6 11. e5 Nd7 12. f4 Nb6 13. Be3 Nb4 14. a3 N4d5 15.
Nxd5 Nxd5 16. Bf2 Qd7 17. Rc1 Rd8 18. Qd3 Qa4 19. Be4 g6 20. Qf3 Bf8 21. Rfd1 a5
22. h4 Ra6 23. h5 b5 24. Bc2 Qc4 25. Bxg6 Qa2 26. Bd3 Qxb2 27. Qe4 f5 28. exf6
Nxf6 29. Qe2 Qxa3 30. Nxb5 Qb3 31. Bxh7+ Kxh7 32. Rxd8 1-0

[Event "Online Olym Div4 B 2020"]
[Site "chess.com INT"]
[Date "2020.08.01"]
[Round "5.3"]
[Board "4"]
[White "Hadeel Mohammad Kalandar"]
[Black "Mazkevich, Elena"]
[Result "0-1"]
[WhiteElo "1114"]
[BlackElo "1686"]
[WhiteTeam "Kuwait"]
[BlackTeam "Malta"]
[WhiteFideId "10303642"]
[BlackFideId "5603315"]
[EventDate "2020.07.31"]
[EventType "team"]

1. e4 c5 2. Nc3 Nc6 3. d3 g6 4. Nge2 Bg7 5. g3 d6 6. Bg2 Nf6 7. h3 Bd7 8. Be3 a6
9. d4 cxd4 10. Nxd4 Qc7 11. Nd5 Nxd5 12. exd5 Ne5 13. O-O O-O 14. b3 b5 15. f4
Qc3 16. Qe1 Qc8 17. fxe5 Bxe5 18. Rd1 Bxh3 19. Bg5 Bxg2 20. Kxg2 Bxd4 21. Rxd4
Qxc2+ 22. Rf2 Qc5 23. Rfd2 e5 24. Rh4 f6 25. Be3 Qc7 26. Qe2 Rac8 27. Bh6 Rf7
28. g4 f5 29. Rc2 Qxc2 30. Qxc2 Rxc2+ 31. Kf1 fxg4+ 32. Bf4 Rxf4+ 0-1

[Event "Online Olym Div4 B 2020"]
[Site "chess.com INT"]
[Date "2020.08.01"]
[Round "5.3"]
[Board "5"]
[White "Mizzi, Jack"]
[Black "Alhejab, Meshal"]
[Result "1-0"]
[WhiteElo "1911"]
[BlackElo "1681"]
[WhiteTeam "Malta"]
[BlackTeam "Kuwait"]
[WhiteFideId "5602521"]
[BlackFideId "10302603"]
[EventDate "2020.07.31"]
[EventType "team"]

1. d4 Nf6 2. c4 g6 3. g3 Bg7 4. Bg2 O-O 5. Nf3 e6 6. O-O d5 7. Nbd2 c5 8. e3 Nc6
9. cxd5 exd5 10. dxc5 a5 11. Nd4 Nd7 12. Bxd5 Nxd4 13. exd4 Bxd4 14. c6 Nc5 15.
cxb7 Bxb7 16. Bxb7 Nxb7 17. Nf3 Bg7 18. Qxd8 Rfxd8 19. Bf4 Nc5 20. Be3 Nd3 21.
Rab1 Nxb2 22. Bd4 Bxd4 23. Nxd4 Nc4 24. Rbd1 Rd5 25. Nc6 Rc5 26. Nd4 Rd8 27. Nb3
Rcd5 28. Rxd5 Rxd5 29. Rc1 Nd2 30. Rc5 Nf3+ 31. Kg2 Ne1+ 32. Kf1 Rxc5 33. Nxc5
Nc2 34. Ke2 Nb4 35. a3 Nc2 36. a4 Nb4 37. Nb3 Nd5 38. Kd3 Nb6 39. Nc5 Kf8 40.
Kd4 Ke7 41. f4 f6 42. g4 Kd6 43. Ne4+ Ke6 44. Nc3 Kd6 45. h4 h6 46. Ne4+ Ke6 47.
Nc5+ Kd6 48. Ne4+ Ke6 49. Nc3 Kd6 50. f5 g5 51. hxg5 hxg5 52. Ne4+ Ke7 53. Nc5
Kd6 54. Nb7+ Ke7 55. Nxa5 Nxa4 56. Nc4 Kd7 57. Ne3 Nb6 58. Nd5 Nxd5 59. Kxd5 Ke7
60. Kc6 Ke8 61. Kd6 Kf7 62. Kd7 Kf8 63. Ke6 Kg7 64. Ke7 Kh6 65. Kxf6 Kh7 66.
Kxg5 Kg7 67. f6+ Kf7 68. Kf5 Kf8 69. Kg6 Kg8 70. f7+ Kf8 71. g5 1-0

[Event "Online Olym Div4 B 2020"]
[Site "chess.com INT"]
[Date "2020.08.01"]
[Round "5.4"]
[Board "1"]
[White "Salman Ali Khan"]
[Black "Chekh Adm Khedr, Aram"]
[Result "1-0"]
[WhiteElo "1681"]
[BlackElo "2074"]
[WhiteTeam "Pakistan"]
[BlackTeam "Syria"]
[WhiteFideId "7803176"]
[BlackFideId "7601948"]
[EventDate "2020.07.31"]
[EventType "team"]

1. d4 d5 2. Bf4 Nf6 3. e3 c5 4. c3 Nc6 5. Nd2 Qb6 6. Qb3 c4 7. Qc2 g6 8. b3 Bf5
9. Qc1 cxb3 10. axb3 Rc8 11. Qb2 Nh5 12. Bg5 h6 13. Bh4 g5 14. Be2 Nf6 15. Bg3
h5 16. h4 g4 17. Bd1 Bg7 18. Ne2 Ne4 19. Nxe4 Bxe4 20. O-O e6 21. Bc2 Bxc2 22.
Qxc2 O-O 23. Rfd1 Bh6 24. e4 Ne7 25. exd5 Nxd5 26. c4 Ne7 27. Nf4 Bxf4 28. Bxf4
Nf5 29. d5 Nxh4 30. Qc3 Ng6 31. Bh6 exd5 32. Qg7# 1-0

[Event "Online Olym Div4 B 2020"]
[Site "chess.com INT"]
[Date "2020.08.01"]
[Round "5.4"]
[Board "6"]
[White "Khalil, Manar"]
[Black "Mehak, Gul"]
[Result "1-0"]
[WhiteElo "1793"]
[BlackElo "1533"]
[WhiteTeam "Syria"]
[BlackTeam "Pakistan"]
[WhiteFideId "7604661"]
[BlackFideId "7800908"]
[EventDate "2020.07.31"]
[EventType "team"]

1. e4 c5 2. Nf3 e6 3. d4 cxd4 4. Nxd4 a6 5. c4 Qc7 6. Nc3 Nf6 7. Bd3 Bc5 8. Nf3
Nc6 9. O-O O-O 10. a3 Ne5 11. Nxe5 Qxe5 12. Kh1 Bd4 13. f4 Qc7 14. e5 Ne8 15.
Bxh7+ Kxh7 16. Qxd4 d6 17. Ne4 dxe5 18. fxe5 Bd7 19. Ng5+ Kg8 20. Qh4 1-0

[Event "Online Olym Div4 B 2020"]
[Site "chess.com INT"]
[Date "2020.08.01"]
[Round "5.5"]
[Board "1"]
[White "Paiva, Donaldo"]
[Black "Michaelides, Konstantinos"]
[Result "1-0"]
[WhiteTitle "CM"]
[BlackTitle "CM"]
[WhiteElo "2230"]
[BlackElo "2260"]
[WhiteTeam "Mozambique"]
[BlackTeam "Cyprus"]
[WhiteFideId "14800098"]
[BlackFideId "5901871"]
[EventDate "2020.07.31"]
[EventType "team"]

1. e4 e6 2. d3 c5 3. Nf3 Nc6 4. g3 g6 5. Bg2 Bg7 6. O-O Nge7 7. Re1 d6 8. c3 O-O
9. Nbd2 Rb8 10. Nf1 b5 11. Ne3 Qc7 12. h4 h6 13. Ng4 Kh7 14. h5 gxh5 15. Ne3 f5
16. exf5 exf5 17. Nh4 f4 18. gxf4 Rxf4 19. Qxh5 Ne5 20. Be4+ Kh8 21. Nef5 Rg4+
22. Kh1 Rxh4+ 23. Nxh4 Bg4 24. Ng6+ N7xg6 25. Qh2 Bf3+ 26. Bxf3 Nxf3 27. Qh5 Qf7
28. Re4 d5 29. Rg4 Nfe5 30. Rg2 Kh7 31. f4 Nxd3 32. Be3 Rb6 33. Rag1 Ndxf4 34.
Bxf4 Qxf4 35. Rxg6 Qe4+ 36. R6g2 Re6 37. Qh3 Re5 38. Kh2 Qf4+ 39. Rg3 Re2+ 40.
Kh1 Qe4+ 41. R3g2 Re3 42. Qg4 Qxg4 43. Rxg4 Be5 44. Rf1 h5 45. Rg5 Kh6 46. Rff5
Bg7 47. Rxh5+ Kg6 48. Rhg5+ Kh6 49. Rxd5 Bf6 50. Rh5+ Kg6 51. Rxc5 Re1+ 52. Kg2
Re2+ 53. Kf3 Rxb2 54. Rxb5 Rxa2 55. Rhc5 Ra3 56. Rc6 Rxc3+ 57. Rxc3 Bxc3 58. Ke4
a5 59. Rb6+ Kf7 60. Rc6 Bb4 61. Ra6 Ke7 62. Kd5 Bc3 63. Re6+ Kd7 64. Rd6+ Ke7
65. Re6+ Kd7 66. Rh6 Ke7 67. Kc4 Bb4 68. Kd4 Kf7 69. Ke5 Ke7 70. Rh7+ Kd8 71.
Kd5 Ke8 72. Ke6 Kd8 73. Rd7+ Kc8 74. Rh7 Kd8 75. Ra7 Bc3 76. Rd7+ Kc8 77. Kd6
Bb4+ 78. Kc6 Kb8 79. Rd8+ Ka7 80. Rg8 Bc3 81. Rg3 Bb4 82. Rg7+ Ka6 83. Rg5 Ka7
84. Rf5 Ka6 85. Rf7 Bc3 86. Rf8 Ka7 87. Rf7+ Ka6 88. Rh7 Bb4 89. Rh3 Bd2 90. Rh8
Ka7 91. Kb5 Kb7 92. Rh7+ Kc8 93. Kc6 Bc3 94. Rh3 Bf6 95. Ra3 Bd8 96. Rg3 Be7 97.
Rg8+ Bd8 98. Rh8 a4 99. Re8 a3 100. Re3 a2 101. Ra3 Bc7 102. Rxa2 Bf4 103. Rf2
Bg5 104. Rf8+ Bd8 105. Rg8 Kb8 106. Rxd8+ Ka7 107. Re8 1-0

[Event "Online Olym Div4 B 2020"]
[Site "chess.com INT"]
[Date "2020.08.01"]
[Round "5.5"]
[Board "2"]
[White "Isaakidis, Alexandros"]
[Black "Calicoca, Wilton Inacio"]
[Result "0-1"]
[BlackTitle "FM"]
[WhiteElo "2211"]
[BlackElo "2122"]
[WhiteTeam "Cyprus"]
[BlackTeam "Mozambique"]
[WhiteFideId "5903076"]
[BlackFideId "14800268"]
[EventDate "2020.07.31"]
[EventType "team"]

1. e4 e5 2. Nf3 Nc6 3. Bb5 a6 4. Ba4 Nf6 5. O-O b5 6. Bb3 Be7 7. Re1 d6 8. c3
Na5 9. Bc2 c5 10. d4 Qc7 11. d5 O-O 12. h3 c4 13. Nbd2 Nb7 14. Nf1 Nc5 15. Ng3
Re8 16. b4 cxb3 17. axb3 Ncd7 18. Bd2 Nf8 19. Bd3 Bd7 20. b4 Ng6 21. Qb3 Rec8
22. Ra3 Nf4 23. Bf1 a5 24. bxa5 Rxa5 25. Rea1 Rca8 26. Qb4 Ra4 27. Rxa4 Rxa4 28.
Rxa4 bxa4 29. Nxe5 dxe5 30. Qxe7 Ng6 31. Qb4 Qa7 32. Be3 Qa8 33. Bc1 h5 34. Ne2
h4 35. c4 Nxe4 36. Ba3 Nf4 37. Nxf4 exf4 38. f3 Ng3 39. Bd3 Bf5 40. Qb1 g6 41.
Bc1 Ne2+ 42. Kf2 Bxd3 43. Qxd3 Nxc1 44. Qc2 Qa7+ 45. c5 Nb3 0-1

[Event "Online Olym Div4 B 2020"]
[Site "chess.com INT"]
[Date "2020.08.01"]
[Round "5.5"]
[Board "3"]
[White "Vilhete, Vania Fausto Da T."]
[Black "Sokolova, Larisa"]
[Result "1-0"]
[WhiteTitle "WIM"]
[WhiteElo "1799"]
[BlackElo "1642"]
[WhiteTeam "Mozambique"]
[BlackTeam "Cyprus"]
[WhiteFideId "14800144"]
[BlackFideId "5904919"]
[EventDate "2020.07.31"]
[EventType "team"]

1. d4 d5 2. c4 e5 3. e3 Nc6 4. dxe5 Nxe5 5. cxd5 Nf6 6. Nc3 Bd7 7. Be2 Bb4 8.
Nf3 Nxf3+ 9. Bxf3 O-O 10. O-O Bxc3 11. bxc3 Bf5 12. c4 Ne4 13. Bb2 Nd6 14. c5
Ne8 15. Qd4 f6 16. Rfd1 Kh8 17. Rac1 b6 18. cxb6 axb6 19. d6 Rxa2 20. dxc7 Qxd4
21. Bxd4 Nd6 22. Bxb6 Nf7 23. Bd5 Raa8 24. Bxa8 Rxa8 25. e4 Bg4 26. f3 Be6 27.
Rc6 Bb3 28. Rb1 h6 29. c8=Q+ Rxc8 30. Rxc8+ Kh7 31. Rxb3 1-0